[Event "Chioggia op-B 15th"]
[Site "Chioggia"]
[Date "2022.10.01"]
[Round "2"]
[White "Boscolo, Ampelio"]
[Black "Flora, Vincenzo"]
[Result "0-1"]
[WhiteElo "1689"]
[BlackElo "1487"]
[PlyCount "60"]
[EventDate "2022.09.30"]
[EventType "swiss"]
[EventRounds "5"]
[EventCountry "ITA"]
[SourceTitle "EXT 2024"]
[Source "ChessBase"]
[SourceDate "2023.10.10"]
[SourceVersion "1"]
[SourceVersionDate "2023.10.10"]
[SourceQuality "1"]

1. d4 d5 2. Bf4 e6 3. Nd2 Nf6 4. e3 Bd6 5. Bg5 h6 6. Bh4 b6 7. Ngf3 Bb7 8. a3 Nbd7 9. c4 0-0 10. b4 c5 11. cxd5 exd5 12. bxc5 bxc5 13. Bb5 cxd4 14. Bxd7 Qxd7 15. Bxf6 dxe3 16. fxe3 gxf6 17. Nd4 Ba6 18. Qh5 Bd3 19. Qxh6 Rfe8 20. Kf2 Qg4 21. N2f3 Rab8 22. Rad1 Rb2+ 23. Rd2 Rxd2+ 24. Nxd2 Be5 25. N2f3 Rb8 26. Rd1 Rb2+ 27. Rd2 Rxd2+ 28. Nxd2 Bxd4 29. Nf3 Be5 30. g3 Qf5 0-1

[Event "Chioggia op-B 14th"]
[Site "Chioggia"]
[Date "2019.10.06"]
[Round "4"]
[White "Boscolo, Ampelio"]
[Black "Berti, Beniamino"]
[Result "1-0"]
[WhiteElo "1717"]
[BlackElo "1545"]
[PlyCount "143"]
[EventDate "2019.10.04"]
[EventType "swiss"]
[EventRounds "5"]
[EventCountry "ITA"]
[SourceTitle "EXT 2022"]
[Source "ChessBase"]
[SourceDate "2021.10.06"]
[SourceVersion "1"]
[SourceVersionDate "2021.10.06"]
[SourceQuality "1"]

1. d4 d5 2. Bf4 Nf6 3. Nf3 e6 4. e3 Be7 5. Nbd2 0-0 6. Bd3 Nh5 7. Be5 f5 8. g3 Nf6 9. Bxf6 Bxf6 10. c4 Qd6 11. c5 Qe7 12. b4 c6 13. Qc2 e5 14. dxe5 Bxe5 15. Nxe5 Qxe5 16. 0-0 Nd7 17. Nf3 Qf6 18. Nd4 Ne5 19. Be2 a6 20. Rac1 Nf7 21. a4 Ng5 22. Nf3 Ne4 23. Nh4 Be6 24. Ng2 Rad8 25. Rfd1 Ng5 26. Nf4 Bc8 27. b5 axb5 28. axb5 Ne4 29. b6 g5 30. Ng2 g4 31. Rd4 Ng5 32. Nh4 Nh3+ 33. Kf1 f4 34. Rxf4 Nxf4 35. exf4 Bf5 36. Qd1 Qe6 37. Nxf5 Qxf5 38. Bxg4 Qe4 39. Kg1 d4 40. Qb3+ Kg7 41. Bf3 Qg6 42. Bg2 d3 43. Rd1 Rd4 44. Qc3 Rfd8 45. Rd2 Kf8 46. Bf1 Qe4 47. Qa1 Kf7 48. Qd1 Qg6 49. Kg2 Qf5 50. Qb3+ Qd5+ 51. Qxd5+ R4xd5 52. Kf3 Kf6 53. g4 h6 54. h4 Rxc5 55. g5+ hxg5 56. hxg5+ Kg7 57. Rxd3 Rxd3+ 58. Bxd3 Rc3 59. Ke4 Rb3 60. f5 Rxb6 61. Ke5 Rb3 62. f6+ Kf8 63. Be4 Rb5+ 64. Kf4 Kf7 65. Kg4 c5 66. f3 Rb4 67. Kf5 c4 68. g6+ Kf8 69. g7+ Ke8 70. g8Q+ Kd7 71. Qe6+ Kc7 72. Qe7+ 1-0

[Event "Chioggia op-B 13th"]
[Site "Chioggia"]
[Date "2018.09.29"]
[Round "2"]
[White "Dallaglio, Giovanni"]
[Black "Boscolo, Ampelio"]
[Result "1/2-1/2"]
[WhiteElo "1850"]
[BlackElo "1711"]
[PlyCount "157"]
[EventDate "2018.09.28"]
[EventType "swiss"]
[EventRounds "5"]
[EventCountry "ITA"]
[SourceTitle "EXT 2022"]
[Source "ChessBase"]
[SourceDate "2021.10.06"]
[SourceVersion "1"]
[SourceVersionDate "2021.10.06"]
[SourceQuality "1"]

1. d4 Nf6 2. Nf3 d5 3. c4 c6 4. Nbd2 Bf5 5. g3 e6 6. Bg2 Be7 7. 0-0 0-0 8. b3 Nbd7 9. Bb2 h6 10. Re1 Ne4 11. Ne5 Bb4 12. Nxd7 Qxd7 13. Bxe4 dxe4 14. a3 Be7 15. f3 exf3 16. Nxf3 Rad8 17. e4 Bg4 18. Qd3 Bf6 19. e5 Be7 20. Rad1 b5 21. Qe3 bxc4 22. bxc4 Qb7 23. Bc1 Rd7 24. Qf4 Bf5 25. g4 g5 26. Qg3 Bg6 27. h4 Qb3 28. Kh2 Qxc4 29. hxg5 hxg5 30. Bxg5 Bxg5 31. Nxg5 Rxd4 32. Rxd4 Qxd4 33. Re2 Kg7 34. Qf3 Rh8+ 35. Kg2 Qd1 36. Nh3 Qd5 37. Ng5 Rb8 38. Re3 Rb2+ 39. Kg3 Qd2 40. Nh3 Qd5 41. Qf6+ Kg8 42. Nf4 Qh1 43. Qd8+ Kh7 44. Qh4+ Qxh4+ 45. Kxh4 Kg7 46. Kg5 Rb5 47. Nh5+ Kf8 48. Kf6 a5 49. Nf4 Bh7 50. g5 Bf5 51. Rc3 Be4 52. Rh3 Kg8 53. g6 fxg6 54. Nxe6 Bf5 55. Rc3 Bxe6 56. Kxe6 Kg7 57. Rxc6 Rb3 58. Rc7+ Kh6 59. Kf7 Rf3+ 60. Ke8 Rxa3 61. Rc5 a4 62. e6 Re3 63. e7 Kg7 64. Rc4 a3 65. Rd4 a2 66. Rd1 Re2 67. Kd8 Rd2+ 68. Rxd2 a1Q 69. e8Q Qa5+ 70. Ke7 Qxd2 71. Qf8+ Kh7 72. Qf7+ Kh6 73. Qf3 Qg5+ 74. Ke6 Qh4 75. Qf8+ Kh5 76. Qh8+ Kg4 77. Qd4+ Kg3 78. Qd3+ Kh2 79. Qxg6 1/2-1/2

[Event "Chioggia op-B 12th"]
[Site "Chioggia"]
[Date "2017.10.07"]
[Round "3"]
[White "Alessi, Giovanni"]
[Black "Boscolo, Ampelio"]
[Result "0-1"]
[WhiteElo "1557"]
[BlackElo "1691"]
[PlyCount "98"]
[EventDate "2017.10.06"]
[EventType "swiss"]
[EventRounds "5"]
[EventCountry "ITA"]
[SourceTitle "EXT 2022"]
[Source "ChessBase"]
[SourceDate "2021.10.06"]
[SourceVersion "1"]
[SourceVersionDate "2021.10.06"]
[SourceQuality "1"]

1. d4 Nf6 2. c4 g6 3. Nc3 Bg7 4. Nf3 d6 5. e4 0-0 6. Be2 Nbd7 7. 0-0 c6 8. Qc2 Qc7 9. h3 Re8 10. Bg5 e5 11. d5 Nf8 12. Rac1 Bd7 13. Kh2 h6 14. Be3 N6h7 15. Ng1 f5 16. f4 fxe4 17. Nxe4 Bf5 18. Bd3 Qe7 19. g4 Bxe4 20. Bxe4 exf4 21. Rxf4 Be5 22. Bxg6 Qf6 23. Bxh7+ Nxh7 24. Rcf1 Rf8 25. Ne2 c5 26. Kg2 Bxf4 27. Rxf4 Qg7 28. Qe4 Rae8 29. Rxf8+ Qxf8 30. Qg6+ Kh8 31. Qd3 Qe7 32. Kf3 Qf6+ 33. Nf4 Ng5+ 34. Kg2 Qxb2+ 35. Bd2 Ne4 36. Ne6 Qxd2+ 37. Qxd2 Nxd2 38. h4 Nxc4 39. Kf3 Re7 40. Kf4 b5 41. Kf5 Ne5 42. g5 Rf7+ 43. Ke4 hxg5 44. Nxg5 Rg7 45. Kf5 c4 46. h5 c3 47. Ne4 c2 48. Nxd6 c1Q 49. Kxe5 Qc7 0-1

[Event "Chioggia op-B 12th"]
[Site "Chioggia"]
[Date "2017.10.06"]
[Round "1"]
[White "Di Lascio, Savino"]
[Black "Boscolo, Ampelio"]
[Result "1-0"]
[WhiteElo "1895"]
[BlackElo "1691"]
[PlyCount "82"]
[EventDate "2017.10.06"]
[EventType "swiss"]
[EventRounds "5"]
[EventCountry "ITA"]
[SourceTitle "EXT 2022"]
[Source "ChessBase"]
[SourceDate "2021.10.06"]
[SourceVersion "1"]
[SourceVersionDate "2021.10.06"]
[SourceQuality "1"]

1. Nf3 d5 2. g3 Nf6 3. Bg2 Bf5 4. d3 e6 5. 0-0 Be7 6. Nbd2 Nbd7 7. c4 c6 8. a3 a5 9. b3 0-0 10. Bb2 h6 11. Ra2 Rb8 12. Qa1 b5 13. cxb5 Rxb5 14. Nd4 Rb6 15. Nxf5 exf5 16. Rc1 Nc5 17. Bd4 Nxb3 18. Bxb6 Qxb6 19. Nxb3 Qxb3 20. Rxc6 Ng4 21. Rac2 Bf6 22. Qc1 Qa4 23. Rc8 Rxc8 24. Rxc8+ Kh7 25. e3 Ne5 26. d4 Nd7 27. Bxd5 Nb6 28. Bc6 Qc4 29. Qxc4 Nxc4 30. a4 Be7 31. Rc7 Bb4 32. Rxf7 Kg6 33. Rc7 Nd6 34. Kf1 Kf6 35. Ke2 g5 36. f3 h5 37. Kd3 Be1 38. e4 fxe4+ 39. fxe4 Nf7 40. e5+ Nxe5+ 41. dxe5+ Kxe5 1-0

[Event "Chioggia op-B 11th"]
[Site "Chioggia"]
[Date "2016.10.09"]
[Round "5"]
[White "Benetti, Andrea"]
[Black "Boscolo, Ampelio"]
[Result "1-0"]
[WhiteElo "1248"]
[BlackElo "1744"]
[PlyCount "73"]
[EventDate "2016.10.07"]
[EventType "swiss"]
[EventRounds "5"]
[EventCountry "ITA"]
[SourceTitle "EXT 2022"]
[Source "ChessBase"]
[SourceDate "2021.10.06"]
[SourceVersion "1"]
[SourceVersionDate "2021.10.06"]
[SourceQuality "1"]

1. e4 c5 2. Nc3 g6 3. f4 Bg7 4. d3 Nc6 5. Nf3 d6 6. Be2 Nf6 7. Be3 a6 8. Qd2 b5 9. a3 Ng4 10. h3 Nxe3 11. Qxe3 Nd4 12. Kd2 Bb7 13. g4 e6 14. f5 h5 15. Rag1 Kd7 16. Ng5 Bh6 17. h4 hxg4 18. Bxg4 gxf5 19. exf5 Bxg5 20. fxe6+ Kc7 21. Qxg5 Qxg5+ 22. hxg5 Rxh1 23. Rxh1 Bxh1 24. exf7 Nf3+ 25. Bxf3 Bxf3 26. g6 Bh5 27. Nd5+ Kc6 28. Nf4 Kd7 29. Nxh5 Ke7 30. Ke3 Rb8 31. Nf4 Kf6 32. Ke4 Rd8 33. Kd5 b4 34. a4 Rb8 35. Ne6 Ke7 36. f8Q+ Rxf8 37. Nxf8 1-0

[Event "Chioggia op-B 11th"]
[Site "Chioggia"]
[Date "2016.10.09"]
[Round "4"]
[White "Boscolo, Ampelio"]
[Black "Cartegni, Aldo Jose"]
[Result "1/2-1/2"]
[WhiteElo "1744"]
[BlackElo "1474"]
[PlyCount "128"]
[EventDate "2016.10.07"]
[EventType "swiss"]
[EventRounds "5"]
[EventCountry "ITA"]
[SourceTitle "EXT 2022"]
[Source "ChessBase"]
[SourceDate "2021.10.06"]
[SourceVersion "1"]
[SourceVersionDate "2021.10.06"]
[SourceQuality "1"]

1. d4 Nf6 2. Nf3 g6 3. Nbd2 Bg7 4. e4 d6 5. h3 0-0 6. c3 Nc6 7. Be2 e5 8. d5 Ne7 9. 0-0 Nd7 10. Re1 f5 11. Ng5 Nf6 12. Ne6 Bxe6 13. dxe6 fxe4 14. Nf1 d5 15. Qb3 Rb8 16. Bg5 h6 17. Be3 b6 18. f4 exf3 19. Bxf3 Qd6 20. Bf2 Qxe6 21. Ne3 e4 22. Be2 c5 23. a4 Qf7 24. Bg3 Rbd8 25. a5 bxa5 26. Rxa5 c4 27. Qa2 Nc8 28. Nxd5 Nxd5 29. Bxc4 Kh8 30. Bxd5 Qf6 31. Rxe4 Qf1+ 32. Kh2 Nd6 33. Re1 Qd3 34. Rxa7 Nf5 35. Bf3 Ne3 36. Kg1 Qd2 37. Rf7 Rxf7 38. Qxf7 Rf8 39. Qb7 Nf5 40. Bf2 Qf4 41. Re4 Qg5 42. Rg4 Qc1+ 43. Kh2 g5 44. Re4 Nd6 45. Qe7 Nxe4 46. Qxe4 Qxb2 47. Bd4 Qb8+ 48. g3 Bxd4 49. Qxd4+ Kg8 50. Bd5+ Kh7 51. c4 h5 52. Qe4+ Kg7 53. Qe7+ Kh6 54. Qe6+ Kg7 55. Qe3 Qb2+ 56. Bg2 Kg6 57. c5 Qf2 58. Qd3+ Kh6 59. c6 h4 60. gxh4 gxh4 61. Qd7 Rg8 62. Qd5 Qg3+ 63. Kh1 Qe1+ 64. Kh2 Qg3+ 1/2-1/2

[Event "Chioggia op-B 10th"]
[Site "Chioggia"]
[Date "2015.10.10"]
[Round "2"]
[White "Boscolo, Ampelio"]
[Black "Benetti, Andrea"]
[Result "1-0"]
[WhiteElo "1772"]
[BlackElo "1358"]
[PlyCount "45"]
[EventDate "2015.10.09"]
[EventType "swiss"]
[EventRounds "5"]
[EventCountry "ITA"]
[SourceTitle "EXT 2022"]
[Source "ChessBase"]
[SourceDate "2021.10.06"]
[SourceVersion "1"]
[SourceVersionDate "2021.10.06"]
[SourceQuality "1"]

1. d4 d5 2. Nf3 e6 3. Bf4 Bd6 4. Bg5 Nf6 5. e3 Nbd7 6. Bd3 b6 7. Nbd2 c5 8. c3 Qc7 9. Qe2 Bb7 10. Rc1 e5 11. dxe5 Nxe5 12. Nxe5 Bxe5 13. Nf3 0-0 14. 0-0 h6 15. Bh4 Ne4 16. Rfd1 Ng5 17. Bxg5 hxg5 18. Nxg5 Bxh2+ 19. Kh1 g6 20. Qg4 f5 21. Qh4 Be5 22. Ne6 Bf6 23. Nxc7 1-0

[Event "Chioggia op-B 10th"]
[Site "Chioggia"]
[Date "2015.10.10"]
[Round "3"]
[White "Caldara, Sisto"]
[Black "Boscolo, Ampelio"]
[Result "1-0"]
[WhiteElo "1817"]
[BlackElo "1772"]
[PlyCount "59"]
[EventDate "2015.10.09"]
[EventType "swiss"]
[EventRounds "5"]
[EventCountry "ITA"]
[SourceTitle "EXT 2022"]
[Source "ChessBase"]
[SourceDate "2021.10.06"]
[SourceVersion "1"]
[SourceVersionDate "2021.10.06"]
[SourceQuality "1"]

1. d4 Nf6 2. c4 d5 3. Nc3 c6 4. e3 Bf5 5. Nf3 e6 6. Nh4 Bg6 7. Nxg6 hxg6 8. Bd3 Bd6 9. h3 Nbd7 10. b3 e5 11. Bd2 Qe7 12. Qe2 Qe6 13. c5 Bc7 14. b4 e4 15. Bc2 Nh5 16. g4 Nhf6 17. 0-0-0 b5 18. f3 exf3 19. Qxf3 a5 20. e4 dxe4 21. Bxe4 Nxe4 22. Nxe4 Qxa2 23. bxa5 Bxa5 24. Nd6+ Kf8 25. Bxa5 Rxa5 26. Qc3 Ra3 27. Qb2 Qxb2+ 28. Kxb2 Ra8 29. Rde1 Nf6 30. g5 1-0

[Event "Ortisei Server24 op-B 2nd"]
[Site "Ortisei"]
[Date "2013.06.03"]
[Round "3"]
[White "Boscolo, Ampelio"]
[Black "Hofer, Alois"]
[Result "0-1"]
[WhiteElo "1820"]
[BlackElo "1663"]
[PlyCount "96"]
[EventDate "2013.06.01"]
[EventType "swiss"]
[EventRounds "9"]
[EventCountry "ITA"]
[SourceTitle "EXT 2024"]
[Source "ChessBase"]
[SourceDate "2023.10.10"]
[SourceVersion "1"]
[SourceVersionDate "2023.10.10"]
[SourceQuality "1"]

1. d4 Nf6 2. Nf3 d5 3. Bf4 c6 4. e3 e6 5. Bd3 Bd6 6. Bg5 Nbd7 7. c3 Qc7 8. Nbd2 b6 9. Qe2 h6 10. Bh4 0-0 11. 0-0 Re8 12. Bg3 e5 13. dxe5 Nxe5 14. Nxe5 Bxe5 15. Nf3 Bxg3 16. hxg3 Bg4 17. Qc2 c5 18. Rfe1 Bd7 19. Rad1 Re7 20. b3 Rae8 21. Bf5 Bc6 22. Bd3 Bd7 23. a4 c4 24. bxc4 dxc4 25. Be2 Qc5 26. Rd4 Be6 27. Red1 a6 28. Qa2 b5 29. axb5 axb5 30. Qa5 Ra7 31. Qb4 Qxb4 32. cxb4 Ra4 33. Rb1 Nd5 34. Bxc4 bxc4 35. b5 Rb8 36. Ne5 Nc3 37. Rb2 Rxb5 38. Rc2 Rxe5 39. Rxc3 Ra1+ 40. Kh2 Rh5+ 41. Rh4 Rxh4+ 42. gxh4 Kf8 43. e4 Ke7 44. f4 f6 45. Rg3 Kd6 46. Rxg7 c3 47. Rg3 c2 48. Rc3 c1Q 0-1

[Event "Chioggia op-B 06th"]
[Site "Chioggia"]
[Date "2011.10.09"]
[Round "4"]
[White "Bortolotto, Denzio"]
[Black "Boscolo, Ampelio"]
[Result "0-1"]
[WhiteElo "1778"]
[BlackElo "1604"]
[PlyCount "96"]
[EventDate "2011.10.07"]
[EventType "swiss"]
[EventRounds "5"]
[EventCountry "ITA"]
[SourceTitle "EXT 2022"]
[Source "ChessBase"]
[SourceDate "2021.10.06"]
[SourceVersion "1"]
[SourceVersionDate "2021.10.06"]
[SourceQuality "1"]

1. d4 Nf6 2. c4 d6 3. Nf3 g6 4. Nc3 Bg7 5. e4 0-0 6. Be2 Nbd7 7. 0-0 e5 8. d5 Nc5 9. Nd2 h5 10. b4 Na6 11. Rb1 c5 12. dxc6 bxc6 13. b5 Nc5 14. bxc6 Qc7 15. Nd5 Qa5 16. Qc2 Re8 17. Rb5 Qa6 18. Nc7 Qxc6 19. Nxa8 Qxa8 20. f3 Ne6 21. Nb3 Bd7 22. Ra5 Rc8 23. Qd3 Rc6 24. Be3 a6 25. Rd1 Qb7 26. c5 dxc5 27. Nxc5 Qc7 28. Qa3 Bf8 29. Nxe6 Bxe6 30. Qa4 Rc2 31. Kf2 Rxa2 32. Qxa2 Bxa2 33. Rxa2 a5 34. Rc1 Qb7 35. Rxa5 Qb2 36. Rb5 Qa3 37. Rxe5 Bd6 38. Rb5 Bxh2 39. Rc8+ Kg7 40. Bd4 Qd6 41. Ke3 Bg1+ 42. Kd2 Qxd4+ 43. Ke1 Qf2+ 44. Kd2 Qxg2 45. Rc7 Bh2 46. Ra7 Nh7 47. Rbb7 Ng5 48. Ke3 Bg1+ 0-1

[Event "Chioggia op-B 06th"]
[Site "Chioggia"]
[Date "2011.10.09"]
[Round "5"]
[White "Boscolo, Ampelio"]
[Black "Ballarin, Gabriele"]
[Result "0-1"]
[WhiteElo "1604"]
[BlackElo "1835"]
[PlyCount "136"]
[EventDate "2011.10.07"]
[EventType "swiss"]
[EventRounds "5"]
[EventCountry "ITA"]
[SourceTitle "EXT 2022"]
[Source "ChessBase"]
[SourceDate "2021.10.06"]
[SourceVersion "1"]
[SourceVersionDate "2021.10.06"]
[SourceQuality "1"]

1. d4 d6 2. Nf3 Nf6 3. Bf4 Nbd7 4. Nbd2 g6 5. e4 Bg7 6. Bc4 0-0 7. 0-0 c6 8. c3 b5 9. Bb3 Bb7 10. Qe2 a6 11. Rad1 Qc8 12. Rfe1 Nh5 13. Bg5 Re8 14. Qe3 c5 15. Bh6 Bh8 16. Ng5 c4 17. Bc2 Ndf6 18. h3 Qc7 19. b3 e5 20. dxe5 dxe5 21. bxc4 bxc4 22. Rb1 Rac8 23. Nxc4 Bg7 24. Bxg7 Kxg7 25. Rxb7 Qxb7 26. Nd6 Qc7 27. Nxe8+ Nxe8 28. Bb3 Nd6 29. Rc1 h6 30. Nf3 Qc5 31. Qe2 Nf4 32. Qxa6 Rc6 33. Qf1 Nxe4 34. Re1 Ng3 35. Rxe5 Nxf1 36. Rxc5 Rxc5 37. c4 Ng3 38. fxg3 Nd3 39. Nd2 Re5 40. Nf3 Re2 41. Nd4 Re1+ 42. Kh2 Nc5 43. Nc6 Kf8 44. g4 Re3 45. Na5 Ke8 46. Kg1 Kd7 47. Kf2 Rc3 48. Bd1 Ra3 49. Nb3 Rxa2+ 50. Ke1 Nxb3 51. Bxb3 Rxg2 52. c5 f6 53. Bf7 g5 54. Bg6 Rh2 55. Be4 Rxh3 56. Kf2 h5 57. gxh5 Rxh5 58. Kf3 Rh4 59. Bd5 Rd4 60. Bf7 Kc6 61. Ke3 Rh4 62. Kf3 Kxc5 63. Be6 Kd4 64. Kg3 Ke5 65. Bc8 f5 66. Bb7 Rb4 67. Ba6 Rb3+ 68. Kf2 Kf4 0-1

[Event "Chioggia op-B 05th"]
[Site "Chioggia"]
[Date "2010.10.09"]
[Round "3"]
[White "Boscolo, Ampelio"]
[Black "Dal Bianco, Nicola"]
[Result "0-1"]
[WhiteElo "1604"]
[BlackElo "1595"]
[PlyCount "132"]
[EventDate "2010.10.08"]
[EventType "swiss"]
[EventRounds "5"]
[EventCountry "ITA"]
[SourceTitle "EXT 2022"]
[Source "ChessBase"]
[SourceDate "2021.10.06"]
[SourceVersion "1"]
[SourceVersionDate "2021.10.06"]
[SourceQuality "1"]

1. d4 Nf6 2. Nf3 e6 3. Bf4 b6 4. e3 Bb7 5. Bd3 g6 6. Nbd2 Bg7 7. 0-0 0-0 8. c3 d6 9. e4 Nbd7 10. Bg5 e5 11. d5 Nc5 12. Bc2 Qd7 13. b4 Na6 14. a4 c6 15. Bxf6 Bxf6 16. Bb3 cxd5 17. Re1 Rac8 18. Rc1 Rc7 19. Qe2 Rfc8 20. Bxd5 Bxd5 21. Qxa6 Bc4 22. Nxc4 Rxc4 23. Re3 Rxb4 24. Rd1 Rxa4 25. Qe2 Rac4 26. Qb2 Qc6 27. Red3 Be7 28. Qa3 Rxc3 29. Rxc3 Qxc3 30. Qxa7 Qc7 31. Qa6 Qc6 32. h3 Ra8 33. Qd3 b5 34. Nh2 Ra4 35. Rb1 Rc4 36. Ng4 b4 37. f3 Rd4 38. Qb3 Qc5 39. Kh2 Kg7 40. Qe3 g5 41. h4 h6 42. hxg5 Bxg5 43. Qe2 Qc3 44. Qb5 h5 45. Nf2 Qc2 46. Rf1 Be3 47. Qd7 Bxf2 48. Qf5 Be3 49. Qxh5 Rd2 50. Qg4+ Kf8 51. Ra1 Ke7 52. Ra8 b3 53. Qh4+ Kd7 54. Rd8+ Kc7 55. Qe7+ Kb6 56. Rb8+ Ka5 57. Qd8+ Ka4 58. Ra8+ Kb4 59. Qa5+ Kc4 60. Rc8+ Bc5 61. Qa6+ Kd4 62. Qa4+ Ke3 63. Rg8 b2 64. Qxc2 Rxc2 65. Rb8 Kd2 66. Kh3 Kc1 0-1

[Event "Chioggia op-B 05th"]
[Site "Chioggia"]
[Date "2010.10.09"]
[Round "2"]
[White "Pieropan, Giorgio"]
[Black "Boscolo, Ampelio"]
[Result "1-0"]
[WhiteElo "1715"]
[BlackElo "1604"]
[PlyCount "77"]
[EventDate "2010.10.08"]
[EventType "swiss"]
[EventRounds "5"]
[EventCountry "ITA"]
[SourceTitle "EXT 2022"]
[Source "ChessBase"]
[SourceDate "2021.10.06"]
[SourceVersion "1"]
[SourceVersionDate "2021.10.06"]
[SourceQuality "1"]

1. e4 c5 2. Nf3 d6 3. d4 cxd4 4. Nxd4 Nc6 5. Nxc6 bxc6 6. Be3 Bb7 7. Be2 Nf6 8. Nc3 g6 9. 0-0 Bg7 10. Qd2 h5 11. h3 Qc7 12. Rad1 Nd7 13. f4 a5 14. Kh1 a4 15. f5 gxf5 16. Rxf5 h4 17. Rh5 Ra5 18. Bg5 Rxh5 19. Bxh5 Bxc3 20. bxc3 Qb6 21. Bf3 Qb2 22. Bxe7 d5 23. exd5 cxd5 24. Re1 Qb5 25. Bf6+ Ne5 26. Rxe5+ Kd7 27. Re7+ Kc8 28. Bg4+ Kb8 29. Be5+ Ka8 30. c4 dxc4 31. Qd8+ Ka7 32. Bd4+ Ka6 33. Qd6+ Qc6 34. Qxc6+ Bxc6 35. Bc8+ Kb5 36. c3 Ra8 37. Bg4 Bd5 38. Re5 Kc6 39. Rxd5 1-0

[Event "Chioggia op-B 05th"]
[Site "Chioggia"]
[Date "2010.10.08"]
[Round "1"]
[White "Boscolo, Ampelio"]
[Black "Pozzobon, Davide"]
[Result "0-1"]
[WhiteElo "1604"]
[BlackElo "1805"]
[PlyCount "134"]
[EventDate "2010.10.08"]
[EventType "swiss"]
[EventRounds "5"]
[EventCountry "ITA"]
[SourceTitle "EXT 2022"]
[Source "ChessBase"]
[SourceDate "2021.10.06"]
[SourceVersion "1"]
[SourceVersionDate "2021.10.06"]
[SourceQuality "1"]

1. d4 Nf6 2. Nf3 e6 3. Bf4 b6 4. e3 Bb7 5. Bd3 Ne4 6. 0-0 Be7 7. Nbd2 f5 8. h3 Nc6 9. Bxe4 fxe4 10. Nxe4 Nb4 11. Ned2 d6 12. a3 Nd5 13. Bg3 Qd7 14. c4 Nf6 15. b4 0-0 16. Qc2 a5 17. c5 Nd5 18. Rab1 axb4 19. axb4 b5 20. e4 Nf6 21. Rfc1 Ra6 22. cxd6 cxd6 23. Qc7 Rd8 24. Ng5 Ra2 25. Qxd7 Rxd7 26. Rd1 h6 27. Nxe6 Nxe4 28. Nxe4 Bxe4 29. Rbc1 Rb2 30. f3 Bf5 31. Rc8+ Kf7 32. Nc7 Rc2 33. Rb8 Rcxc7 34. Rxb5 Be6 35. Ra5 Ra7 36. Rb5 Rdb7 37. Rxb7 Rxb7 38. Rb1 d5 39. b5 Bd7 40. b6 Bd8 41. Ra1 Bxb6 42. Be5 Bc7 43. f4 g5 44. fxg5 Bxe5 45. Rf1+ Ke6 46. dxe5 hxg5 47. Rf8 Kxe5 48. Rg8 Kf6 49. Kf2 Rb2+ 50. Kf3 Bc6 51. Rf8+ Ke7 52. Rc8 Bb7 53. Rc7+ Kd6 54. Rg7 d4+ 55. Kg4 d3 56. Rg6+ Ke7 57. g3 d2 58. Kxg5 d1Q 59. g4 Rb5+ 60. Kh6 Qd2+ 61. g5 Qh2 62. Rg7+ Kd6 63. Rg6+ Ke5 64. Rf6 Qxh3+ 65. Kg7 Qd7+ 66. Rf7 Qxf7+ 67. Kxf7 Be4 0-1

[Event "Chioggia op-B 04th"]
[Site "Chioggia"]
[Date "2009.10.09"]
[Round "1"]
[White "De Concini, Alessandro"]
[Black "Boscolo, Ampelio"]
[Result "0-1"]
[WhiteElo "1440"]
[BlackElo "1676"]
[PlyCount "68"]
[EventDate "2009.10.09"]
[EventType "swiss"]
[EventRounds "5"]
[EventCountry "ITA"]
[SourceTitle "EXT 2022"]
[Source "ChessBase"]
[SourceDate "2021.10.06"]
[SourceVersion "1"]
[SourceVersionDate "2021.10.06"]
[SourceQuality "1"]

1. e4 c5 2. Nf3 d6 3. d4 cxd4 4. Nxd4 Nf6 5. Nc3 a6 6. Bc4 Qc7 7. Bb3 b5 8. a3 Bb7 9. f3 Nbd7 10. 0-0 g6 11. Bg5 Bg7 12. Qd2 h6 13. Bh4 0-0 14. Rae1 Ne5 15. f4 Nc4 16. Bxc4 Qxc4 17. e5 dxe5 18. fxe5 Nd5 19. Nxd5 Qxd5 20. Bxe7 Rfe8 21. Bf6 Re6 22. Rf2 Ree8 23. Ref1 Bxf6 24. exf6 Kh7 25. Rf3 Re5 26. Rh3 h5 27. Rg3 Rae8 28. h4 Re4 29. Rf4 Rxf4 30. Qxf4 Re4 31. Qb8 Qxd4+ 32. Kh2 Rxh4+ 33. Rh3 Rxh3+ 34. Kxh3 Qg4+ 0-1

[Event "Chioggia op-B 03rd"]
[Site "Chioggia"]
[Date "2008.10.12"]
[Round "4"]
[White "Boscolo, Ampelio"]
[Black "Mantovan, Giorgio"]
[Result "1-0"]
[WhiteElo "1718"]
[BlackElo "1599"]
[PlyCount "65"]
[EventDate "2008.10.10"]
[EventType "swiss"]
[EventRounds "5"]
[EventCountry "ITA"]
[SourceTitle "EXT 2022"]
[Source "ChessBase"]
[SourceDate "2021.10.06"]
[SourceVersion "1"]
[SourceVersionDate "2021.10.06"]
[SourceQuality "1"]

1. c4 e5 2. Nc3 Nf6 3. d3 Nc6 4. g3 h6 5. Bg2 Bb4 6. Bd2 Nd4 7. Nf3 Nxf3+ 8. Bxf3 c6 9. 0-0 d6 10. Bg2 Be6 11. a3 Ba5 12. b4 Bc7 13. b5 d5 14. bxc6 bxc6 15. cxd5 Nxd5 16. Qa4 Qd7 17. Ne4 0-0 18. Nc5 Qe8 19. Rac1 Bb6 20. Nxe6 fxe6 21. Qxc6 Rd8 22. Be4 Qf7 23. Bf3 Ne7 24. Qe4 Rd5 25. Qg4 Rd4 26. Be4 Nf5 27. Bc3 h5 28. Qg5 Bd8 29. Qd2 Ra4 30. Bb4 Nd6 31. Bxd6 Bb6 32. Bxf8 Qxf8 33. Qc3 1-0

[Event "Chioggia op-B 03rd"]
[Site "Chioggia"]
[Date "2008.10.11"]
[Round "3"]
[White "Borgato, Alessandro"]
[Black "Boscolo, Ampelio"]
[Result "1/2-1/2"]
[WhiteElo "1637"]
[BlackElo "1718"]
[PlyCount "96"]
[EventDate "2008.10.10"]
[EventType "swiss"]
[EventRounds "5"]
[EventCountry "ITA"]
[SourceTitle "EXT 2022"]
[Source "ChessBase"]
[SourceDate "2021.10.06"]
[SourceVersion "1"]
[SourceVersionDate "2021.10.06"]
[SourceQuality "1"]

1. e4 c5 2. Nf3 Nc6 3. d4 cxd4 4. Nxd4 e5 5. Nxc6 bxc6 6. Bc4 Nf6 7. Bg5 Be7 8. Nc3 d6 9. 0-0 h6 10. Bxf6 Bxf6 11. Qe2 a5 12. Rad1 0-0 13. Rd3 Qc7 14. Rfd1 Be7 15. Rg3 Kh7 16. Qd3 g5 17. Rf3 Bg4 18. Rxf7+ Rxf7 19. Bxf7 Bxd1 20. Qxd1 Bf6 21. Qh5 Bg7 22. Ne2 Rf8 23. Be6 Qa7 24. Bf5+ Rxf5 25. exf5 Qe7 26. Qg6+ Kh8 27. Ng3 e4 28. f6 Qxf6 29. Qxf6 Bxf6 30. Nxe4 Be5 31. b3 Kg7 32. Kf1 d5 33. Nc5 h5 34. h3 Kg6 35. Ke2 Kf5 36. Kf3 Bd6 37. g4+ hxg4+ 38. hxg4+ Ke5 39. Nd3+ Kd4 40. Ke2 Kc3 41. Kd1 c5 42. Nc1 Kb2 43. Ne2 Kxa2 44. Nc3+ Kb2 45. Nxd5 Be5 46. Ne3 Kc3 47. Nc4 Bc7 48. Ne3 Be5 1/2-1/2

[Event "Chioggia op-B 02nd"]
[Site "Chioggia"]
[Date "2007.05.20"]
[Round "4"]
[White "Masini, Michele"]
[Black "Boscolo, Ampelio"]
[Result "0-1"]
[WhiteElo "1386"]
[BlackElo "1724"]
[PlyCount "82"]
[EventDate "2007.05.18"]
[EventType "swiss"]
[EventRounds "5"]
[EventCountry "ITA"]
[SourceTitle "EXT 2022"]
[Source "ChessBase"]
[SourceDate "2021.10.06"]
[SourceVersion "1"]
[SourceVersionDate "2021.10.06"]
[SourceQuality "1"]

1. e4 c5 2. Nf3 Nc6 3. c3 g6 4. d4 cxd4 5. cxd4 Bg7 6. Be3 e6 7. Nc3 a6 8. Bc4 Nge7 9. Qd2 Na5 10. Bd3 h6 11. e5 Nf5 12. Bxf5 gxf5 13. h3 Nc4 14. Qc1 b5 15. Bf4 Bb7 16. Ne2 Rc8 17. Qb1 Be4 18. Qd1 Nxb2 19. Qb3 Nc4 20. Ng3 Bd5 21. Nh5 Kf8 22. Nxg7 Kxg7 23. Qd3 Be4 24. Qe2 Na3 25. 0-0 Rc2 26. Qd1 Qb6 27. Nd2 Qxd4 28. Nxe4 Qxe4 29. g3 Nc4 30. Qxd7 Nxe5 31. Qd6 Nc4 32. Qxa6 e5 33. Rfe1 Re2 34. Rxe2 Qxe2 35. Be3 Nxe3 36. fxe3 Qxe3+ 37. Kg2 Qe2+ 38. Kg1 Rd8 39. Qb6 Rd2 40. Qc6 Qf2+ 41. Kh1 Qh2# 0-1